|
|
|
|
| LEADER |
00000nab a2200000 a 4500 |
| 001 |
vtls001023252 |
| 003 |
SK-MaSNL |
| 005 |
20260426104615.0 |
| 008 |
040720e19960000xo 0 slo |
| 035 |
|
|
|a SL1834
|
| 040 |
|
|
|a SLLK
|b slo
|c SLLK
|e AACR2
|
| 041 |
0 |
|
|a slo
|
| 044 |
|
|
|a xo
|c SK
|
| 080 |
|
|
|a 232.931
|2 1981
|
| 245 |
0 |
0 |
|a Deti moje, nehrešte!
|b Panna Mária svojim deťom
|
| 600 |
0 |
7 |
|a Mária,
|c matka Ježišova, svätá
|2 SLLK
|9 157751
|
| 650 |
0 |
7 |
|a zjavenia
|2 SLLK
|9 1965
|
| 650 |
0 |
7 |
|a posolstvá
|2 SLLK
|9 290783
|
| 651 |
|
7 |
|a Zvir (Litmanová, Slovensko)
|2 SLLK
|9 195607
|
| 651 |
|
7 |
|a Litmanová (Slovensko)
|2 SLLK
|9 55694
|
| 651 |
|
7 |
|a Stará Ľubovňa (Slovensko : okres)
|2 snkbucl
|9 19196
|
| 773 |
0 |
8 |
|t M Rosa
|g Roč. 4, č.11 (1996), s. 1,3
|
| 852 |
|
|
|a ZVYKNI
|b KIS3GCP
|
| 999 |
|
|
|c 3323219
|d 3325149
|